[Event "Pan American-ch School U13"]
[Site "Medellin"]
[Date "2019.11.14"]
[Round "5"]
[White "Luligo Bejarano, Luis Angel"]
[Black "Quenza Salazar, Arturo"]
[Result "0-1"]
[WhiteElo "1465"]
[BlackElo "1677"]
[PlyCount "105"]
[EventDate "2019.11.12"]
[EventType "swiss"]
[EventRounds "9"]
[EventCountry "COL"]
[SourceTitle "CBM 193 Extra"]
[Source "ChessBase"]
[SourceDate "2020.01.31"]
[SourceVersion "1"]
[SourceVersionDate "2020.01.31"]
[SourceQuality "1"]

1. e4 c5 2. Nf3 d6 3. d4 cxd4 4. Nxd4 Nf6 5. Nc3 a6 6. f3 e5 7. Nb3 Be6 8. Be3 Be7 9. Qd2 Nbd7 10. g4 b5 11. 0-0-0 b4 12. Nd5 Bxd5 13. exd5 a5 14. g5 Nh5 15. Kb1 Qc7 16. Bh3 g6 17. Bg4 Ng7 18. h4 f5 19. Bh3 Nh5 20. Nc1 Kf7 21. Ne2 Rhc8 22. f4 exf4 23. Nxf4 Nxf4 24. Bxf4 Nc5 25. Bg2 Rab8 26. h5 Rh8 27. Be3 Rhg8 28. Qe2 Nd7 29. hxg6+ hxg6 30. Rh7+ Rg7 31. Rxg7+ Kxg7 32. Bd4+ Ne5 33. Qd2 Qd8 34. Qe3 Bxg5 35. Bxe5+ dxe5 36. Qxe5+ Bf6 37. Qg3 Rb6 38. Bh3 Qd6 39. Qxd6 Rxd6 40. Rd3 Be5 41. c4 bxc3 42. bxc3 Kf6 43. c4 Rb6+ 44. Rb3 Rxb3+ 45. axb3 Bd6 46. Kc2 Bc5 47. Kd3 g5 48. Bg2 Ke5 49. Bh1 g4 50. Bg2 f4 51. Bf1 f3 52. d6 Bxd6 53. c5 0-1

[Event "Pan American-ch School U13"]
[Site "Medellin"]
[Date "2019.11.12"]
[Round "2"]
[White "Norena Marin, Jeronimo"]
[Black "Quenza Salazar, Arturo"]
[Result "1-0"]
[WhiteElo "1297"]
[BlackElo "1677"]
[PlyCount "95"]
[EventDate "2019.11.12"]
[EventType "swiss"]
[EventRounds "9"]
[EventCountry "COL"]
[SourceTitle "CBM 193 Extra"]
[Source "ChessBase"]
[SourceDate "2020.01.31"]
[SourceVersion "1"]
[SourceVersionDate "2020.01.31"]
[SourceQuality "1"]

1. e4 c5 2. Nf3 d6 3. d4 cxd4 4. Nxd4 Nf6 5. Nc3 a6 6. f3 e5 7. Nde2 Be6 8. Be3 Be7 9. Ng3 0-0 10. Qd2 Qc7 11. Na4 Nbd7 12. Be2 Rfc8 13. Nc3 Nb6 14. 0-0 d5 15. exd5 Nfxd5 16. Bxb6 Qxb6+ 17. Kh1 Nxc3 18. bxc3 Qc6 19. Bd3 Qxc3 20. Qe3 Qc5 21. Qe4 g6 22. Qxb7 Rcb8 23. Qe4 f5 24. Qe2 h5 25. Rfe1 Bf6 26. Rad1 Rb6 27. Qd2 Bxa2 28. Qh6 Bg7 29. Qg5 Bc4 30. Bxc4+ Qxc4 31. Rd8+ Kh7 32. Rxa8 f4 33. Ne4 Qxc2 34. Qe7 Rb1 35. Rg1 Rxg1+ 36. Kxg1 Qd1+ 37. Kf2 Qd4+ 38. Ke2 Qc4+ 39. Kd2 Qd5+ 40. Kc2 Qxa8 41. Ng5+ Kh6 42. Nf7+ Kh7 43. Ng5+ Kh8 44. Nf7+ Kg8 45. Qe6 Qa7 46. Ng5+ Kh8 47. Qe8+ Bf8 48. Qxf8# 1-0